Tous les films de Bruno Dumont - Statistiques

Statistiques générales
  • Ce quiz a été pris 25 fois
  • Le résultat moyen est 9 sur 13
Statistiques - réponses
Année de sortie Film % Correct
2014 P'tit Quinquin
94%
2021 France
88%
2019 Jeanne
82%
2006 Flandres
76%
2016 Ma Loute
76%
2011 Hors Satan
71%
2018 Coincoin et les Z'inhumains
65%
1997 La Vie de Jésus
65%
1999 L'humanité
65%
2009 Hadewijch
47%
2003 Twentynine Palms
47%
2017 Jeannette, l'enfance de Jeanne d'Arc
41%
2013 Camille Claudel 1915
35%
Aucun quiz correspondant
Distribution des résultats
% des personnes avec chaque résultat
Percentile par nombre de réponses
Votre historique - résultats
Vous n’avez pas pris ce quiz